000 00868nam0a22002171 4500
001 rc\220063
005 20260406222255.0
035 _a(NLR Aleph) 005635508
090 _a6613249
_c6613249
100 _a20030307f19911998|||y0rusy50 ca
101 0 _arus
102 _aRU
105 _ay |||||||||
200 1 _aМатериалы XLII Международного совещания по ядерной спектроскопии и структуре атомного ядра (Алма-Ата, апрель 1992 г.)
710 1 2 _aМеждународное совещание по ядерной спектроскопии и структуре атомного ядра
_d42
_f1992
_eАлма-Ата
_3RU\NLR\AUTH\889977251
_9451193
801 0 _aRU
_bNLR
_gpsbo
801 1 _aRU
_bELAR
_2rusmarc
852 _aNLR
_jП7/112
942 _cBOOK
980 _aNB